Fútbol top goal scorer every year - Statistics

General Stats
  • This quiz has been taken 1,189 times
  • The average score is 13 of 25
Answer Stats
Hint Goals Answer % Correct
2010 60 Messi
100%
2012 91 Messi
100%
2016 59 Messi
100%
2011 60 Ronaldo
100%
2013 69 Ronaldo
100%
2014 61 Ronaldo
100%
2015 57 Ronaldo
100%
2023 54 Ronaldo
100%
2022 56 Mbappé
82%
2020 47 Lewandowski
79%
2021 69 Lewandowski
79%
2017 56 Kane
53%
2024 62 Gyökeres
41%
2004 46 Henry
38%
2001 26 Raul
30%
2008 44 Eto’o
25%
2006 37 Villa
16%
2000 42 Shevchenko
15%
2009 44 Dzeko
2%
2005 38 Toni
2%
2019 57 Hamdallah
1%
2007 34 Keane
1%
2002 36 Nistelrooy
1%
2003 48 Nistelrooy
1%
2018 58 Bounedjah
0%
No matching quizzes found
Score Distribution
Percent of People with Each Score
Percentile by Number Answered
Your Score History
You have not taken this quiz